Hội nhập kinh tế quốc tế 30 năm nhìn lại

Nội dung sách giới thiệu về quá trình nhận thức của Đảng; việc triển khai chính sách của Nhà nước và kinh nghiệm quốc tế về hội nhập. Thành tựu, hạn chế và những vấn đề đặt ra của hội nhập kinh tế quốc tế trong gần 30 năm qua. Cơ...

Volledige beschrijving

Bewaard in:
Bibliografische gegevens
Hoofdauteur: Vũ, Văn Phúc
Formaat: Boek
Taal:Undetermined
Gepubliceerd in: Hà Nội Chính trị quốc gia - Sự thật 2015
Onderwerpen:
Tags: Voeg label toe
Geen labels, Wees de eerste die dit record labelt!
Thư viện lưu trữ: Trung tâm Học liệu Trường Đại học Cần Thơ
LEADER 01424nam a2200217Ia 4500
001 CTU_207393
008 210402s9999 xx 000 0 und d
020 |c 100000 
082 |a 337.597 
082 |b Ph506 
100 |a Vũ, Văn Phúc 
245 0 |a Hội nhập kinh tế quốc tế 30 năm nhìn lại 
245 0 |c Vũ Văn Phúc, Phạm Minh Chính (đồng chủ biên) 
260 |a Hà Nội 
260 |b Chính trị quốc gia - Sự thật 
260 |c 2015 
520 |a Nội dung sách giới thiệu về quá trình nhận thức của Đảng; việc triển khai chính sách của Nhà nước và kinh nghiệm quốc tế về hội nhập. Thành tựu, hạn chế và những vấn đề đặt ra của hội nhập kinh tế quốc tế trong gần 30 năm qua. Cơ hội, thách thức và các giải pháp, kiến nghị để Việt Nam tham gia hội nhập kinh tế quốc tế trong thời gian tới. 
650 |a International economic relations,International economic relations,Quan hệ kinh tế quốc tế,Quan hệ kinh tế quốc tế 
650 |x Political aspects,Government policy,Khía cạnh chính trị,Khía cạnh của chính phủ 
904 |i Qhieu 
980 |a Trung tâm Học liệu Trường Đại học Cần Thơ